00000000nam 2200000za 4500
0019.668386
003CaOODSP
00520240207110929
007ta
008150407|2007||||xxc|||||     f|0| 0 fre d
020 |a978-0-662-49847-6
040 |aCaOODSP|bfre
041 |aeng
041 |afre
043 |an-cn---
0861 |aSE3-29/2007
24500|aLégislation électorale fédérale.
260 |aOttawa : |bÉlections Canada, |c2007.
300 |aEn pagination multiple : |bill. ; |c29 cm. + |eAvis de publication, Bon de commande (Mises à jour des Lois électorales fédérales).
500 |a«La présente codification administrative a été préparée conformément au paragraphe 554(2) de la Loi électorale du Canada.»--Avant-propos.
563 |aFeuilles mobiles
590 |a07-28|b2007-07-13
69107|aSystème électoral|2gcpds
7102 |aÉlections Canada.
7760#|tFederal electoral legislation |w(CaOODSP)9.674587
791 |tFederal electoral legislation. |eeng|w(CaOODSP)9.668385
986 |aEC 06605 (01/07)